000 00752nam a2200289Ia 4500
005 20260324131847.0
008 008 260324s9999 xx 000 0 eng d
020 _a9780429220685
037 _aEBOOK
040 _aCRL
040 _beng
040 _cCRL
041 _2eng
041 _aeng
084 _qCRL
100 _aJ.R. Rosenberg; G. N. Reeke; R.R. Poznanski; K. A. Lindsay; O. Sporns
_91187111
245 0 _aModeling in the Neurosciences
245 0 _bFrom Biological Systems to Neuromimetic Robotics
260 _bTaylor and Francis
260 _c2005
365 _a
365 _b465
856 _uhttp://www.taylorfrancis.com/books/9780429220685
942 _cEBOOK
999 _c1784652
_d1784652